000 00683nam a2200229 a 4500
001 4989927
005 20171221082621.0
008 980916s1997 caua b 001 0 eng
010 _a 98196872
020 _a1560550767
040 _aDLC
_cDLC
041 _aeng
080 _a617.7 HEC
082 0 0 _a617.7 HEC
_221
100 _a8
101 _aSHM
245 0 0 _aFundamentals and principles of ophthalmology, 1997-1998.
504 _aIncludes bibliographical references and index.
906 _a7
_bcbc
_corignew
_d2
_encip
_f19
_gy-gencatlg
942 _2ddc
_cBK
999 _c39276
_d39276